|
|
|
|
| LEADER |
00000cas a2200000 a 4500 |
| 001 |
vtls010201259 |
| 003 |
SK-MaSNL |
| 005 |
20260323120136.0 |
| 008 |
180220c20109999xo qr p 0 b0slo |
| 022 |
|
|
|a 1338-3213
|
| 040 |
|
|
|a SVKBB
|b slo
|c SVKBB
|d SAVUK
|d SNK
|e AACR2
|
| 041 |
0 |
|
|a slo
|
| 044 |
|
|
|a xo
|c SK
|
| 072 |
|
7 |
|a 27-78
|x Kresťanské združenia, spolky a organizácie. Rehoľné rády
|2 konspekt
|
| 072 |
|
7 |
|a 2
|x Náboženstvo
|2 konspekt
|
| 080 |
|
|
|a 27-789.32
|2 2011
|
| 080 |
|
|
|a 050
|2 2011
|
| 080 |
|
|
|a 2(051)
|2 2011
|
| 080 |
|
|
|a 21/29-1/-9
|2 2011
|
| 210 |
0 |
|
|a Františkánska rod.
|
| 222 |
|
0 |
|a Františkánska rodina
|
| 245 |
0 |
0 |
|a Františkánska rodina
|b časopis pre tých, ktorí chcú nasledovať Krista v šľapajach sv. Františka z Assisi
|
| 260 |
|
|
|a Bratislava
|b Občianske združenie Františkánska rodina
|c [2010]-
|
| 260 |
3 |
|
|3 2018-
|a Bratislava
|b Františkánsky svetský rád
|
| 300 |
|
|
|a zv.
|c 21 cm
|
| 310 |
|
|
|a 4x ročne
|
| 321 |
|
|
|a 6x ročne
|
| 362 |
0 |
|
|a [Roč. 20, č. 1 (2010)]-
|
| 500 |
|
|
|a Popis podľa: Roč. 20, č. 6 (2010)
|
| 500 |
|
|
|a Podnázov v tiráži: časopis pre tých, ktorým je blízka františkánska spiritualita
|
| 500 |
|
|
|a Registrácia MK SR: EV 5631/18
|
| 500 |
|
|
|a Šéfredaktor: ?- , Pavol Železník
|
| 515 |
|
|
|a Niektorí čísla vychádzajú ako dvojčíslo
|
| 610 |
2 |
7 |
|a Františkánsky svetský rád
|2 SNKKA
|9 32514
|
| 610 |
2 |
7 |
|a Františkáni
|2 SNPH
|9 174796
|
| 655 |
|
7 |
|a náboženské časopisy
|2 SNKPH
|9 70790
|
| 700 |
1 |
|
|a Železník, Pavol
|4 pbd
|9 268124
|
| 856 |
4 |
1 |
|u www.assisi.sk
|
| 910 |
|
|
|a snk
|
| 910 |
|
|
|a savuk
|
| 910 |
|
|
|a svkbb
|
| 999 |
|
|
|c 4540
|d 6470
|
| 952 |
|
|
|t č. 1-4
|a SNK
|b SNK
|y PREZ
|7 0
|p 17A1523384
|o snkČSC 3615/30/2020 D1
|i snk2024/7789
|8 0
|0 0
|1 0
|4 0
|d 2024-05-17
|l 0
|r 2026-02-21 19:48:36
|w 2026-02-21
|
| 952 |
|
|
|t č. 1-4
|a SNK
|b SNK
|y PREZ
|7 0
|p 17A1523385
|o snkČSC 3615/31/2021
|i snk2024/7791
|8 0
|0 0
|1 0
|4 0
|d 2024-05-17
|l 0
|r 2026-02-21 19:48:36
|w 2026-02-21
|
| 952 |
|
|
|t č. 1-4
|a SNK
|b SNK
|y PREZ
|7 0
|p 17A1523386
|o snkČSC 3615/31/2021 D1
|i snk2024/7792
|8 0
|0 0
|1 0
|4 0
|d 2024-05-17
|l 0
|r 2026-02-21 19:48:37
|w 2026-02-21
|
| 952 |
|
|
|t č. 1-4
|a SNK
|b SNK
|y PREZ
|7 0
|p 17A1523387
|o snkČSC 3615/32/2022
|i snk2024/7793
|8 0
|0 0
|1 0
|4 0
|d 2024-05-17
|l 0
|r 2026-02-21 19:48:37
|w 2026-02-21
|
| 952 |
|
|
|t č. 1-4
|a SNK
|b SNK
|y PREZ
|7 0
|p 17A1523388
|o snkČSC 3615/33/2023
|i snk2024/7794
|8 0
|0 0
|1 0
|4 0
|d 2024-05-17
|l 0
|r 2026-02-21 19:48:37
|w 2026-02-21
|
| 952 |
|
|
|t č. 1-4
|a SNK
|b SNK
|y PREZ
|7 0
|p 17A1523389
|o snkČSC 3615/33/2023 D1
|i snk2024/7796
|8 0
|0 0
|1 0
|4 0
|d 2024-05-17
|l 0
|r 2026-02-21 19:48:37
|w 2026-02-21
|
| 952 |
|
|
|t č. 1-4
|a SNK
|b SNK
|y PREZ
|7 0
|p 17A1523390
|o snkČSC 3615/32/2022 D1
|i snk2024/7841
|8 0
|0 0
|1 0
|4 0
|d 2024-05-17
|l 0
|r 2026-02-21 19:48:37
|w 2026-02-21
|
| 952 |
|
|
|t č. 1-4
|a SNK
|b SNK
|y PREZ
|7 0
|p 17A1460689
|o snkČSC 3615/28/2018 D1
|i snk2021/13899
|8 0
|0 0
|1 0
|4 0
|d 2021-09-27
|l 0
|r 2026-02-21 21:39:42
|w 2026-02-21
|
| 952 |
|
|
|t č. 1-4
|a SNK
|b SNK
|y PREZ
|7 0
|p 17A1460690
|o snkČSC 3615/29/2019 D1
|i snk2021/13900
|8 0
|0 0
|1 0
|4 0
|d 2021-09-27
|l 0
|r 2026-02-21 21:39:42
|w 2026-02-21
|
| 952 |
|
|
|t č. 1-4
|a SNK
|b SNK
|y PREZ
|7 0
|p 17A1460691
|o snkČSC 3615/30/2020
|i snk2021/13905
|8 0
|0 0
|1 0
|4 0
|d 2021-09-27
|l 0
|r 2026-02-21 21:39:42
|w 2026-02-21
|
| 952 |
|
|
|t č. 1-6
|a SNK
|b SNK
|y PREZ
|7 0
|p 17A1325848
|o snkČSC 3615/26/2016
|i snk2018/9518
|8 0
|0 0
|1 0
|4 0
|d 2018-04-26
|l 0
|r 2026-02-21 21:56:47
|w 2026-02-21
|
| 952 |
|
|
|t č. 1-6
|a SNK
|b SNK
|y PREZ
|7 0
|p 17A1326079
|o snkČSC 3615/26/2016 D1
|i snk2018/9519
|8 0
|0 0
|1 0
|4 0
|d 2018-04-26
|l 0
|r 2026-02-21 21:56:47
|w 2026-02-21
|
| 952 |
|
|
|t č. 1-6
|a SNK
|b SNK
|y PREZ
|7 0
|p 17A1366852
|o snkČSC 3615/27/2017
|i snk2019/11327
|8 0
|0 0
|1 0
|4 0
|d 2019-04-17
|l 0
|r 2026-02-21 21:58:36
|w 2026-02-21
|
| 952 |
|
|
|t č. 1-6
|a SNK
|b SNK
|y PREZ
|7 0
|p 17A1366851
|o snkČSC 3615/27/2017 D1
|i snk2019/11328
|8 0
|0 0
|1 0
|4 0
|d 2019-04-17
|l 0
|r 2026-02-21 21:58:36
|w 2026-02-21
|
| 952 |
|
|
|t č. 1-4
|a SNK
|b SNK
|y PREZ
|7 0
|p 17A1431748
|o snkČSC 3615/28/2018
|i snk2020/16063
|8 0
|0 0
|1 0
|4 0
|d 2020-09-11
|l 0
|r 2026-02-21 22:15:49
|w 2026-02-21
|
| 952 |
|
|
|t č. 1-4
|a SNK
|b SNK
|y PREZ
|7 0
|p 17A1431749
|o snkČSC 3615/29/2019
|i snk2020/16072
|8 0
|0 0
|1 0
|4 0
|d 2020-09-11
|l 0
|r 2026-02-21 22:15:49
|w 2026-02-21
|
| 952 |
|
|
|t č. 6
|a SNK
|b SNK
|y PREZ
|7 0
|p 17A1099584
|o snkČSC 3615/20/2010
|i snk2016/10926
|8 0
|0 0
|1 0
|4 0
|d 2016-04-28
|l 0
|r 2026-02-21 22:16:40
|w 2026-02-21
|
| 952 |
|
|
|t č. 1-6
|a SNK
|b SNK
|y PREZ
|7 0
|p 17A1099580
|o snkČSC 3615/21/2011
|i snk2016/10935
|8 0
|0 0
|1 0
|4 0
|d 2016-04-28
|l 0
|r 2026-02-21 22:16:40
|w 2026-02-21
|
| 952 |
|
|
|t č. 1-6
|a SNK
|b SNK
|y PREZ
|7 0
|p 17A1099581
|o snkČSC 3615/22/2012
|i snk2016/10939
|8 0
|0 0
|1 0
|4 0
|d 2016-04-28
|l 0
|r 2026-02-21 22:16:40
|w 2026-02-21
|
| 952 |
|
|
|t č. 1-6
|a SNK
|b SNK
|y PREZ
|7 0
|p 17A1099582
|o snkČSC 3615/23/2013
|i snk2016/10943
|8 0
|0 0
|1 0
|4 0
|d 2016-04-28
|l 0
|r 2026-02-21 22:16:40
|w 2026-02-21
|
| 952 |
|
|
|t č. 1-6
|a SNK
|b SNK
|y PREZ
|7 0
|p 17A1099583
|o snkČSC 3615/24/2014
|i snk2016/10949
|8 0
|0 0
|1 0
|4 0
|d 2016-04-28
|l 0
|r 2026-02-21 22:16:40
|w 2026-02-21
|
| 952 |
|
|
|t č. 1-6
|a SNK
|b SNK
|y PREZ
|7 0
|p 17A1099585
|o snkČSC 3615/25/2015
|i snk2016/10951
|8 0
|0 0
|1 0
|4 0
|d 2016-04-28
|l 0
|r 2026-02-21 22:16:40
|w 2026-02-21
|
| 952 |
|
|
|t č. 6
|a SNK
|b SNK
|y PREZ
|7 0
|p 17A1099586
|o snkČSC 3615/20/2010 D1
|i snk2016/10996
|8 0
|0 0
|1 0
|4 0
|d 2016-04-28
|l 0
|r 2026-02-21 22:16:45
|w 2026-02-21
|
| 952 |
|
|
|t č. 1-6
|a SNK
|b SNK
|y PREZ
|7 0
|p 17A1099587
|o snkČSC 3615/21/2011 D1
|i snk2016/10997
|8 0
|0 0
|1 0
|4 0
|d 2016-04-28
|l 0
|r 2026-02-21 22:16:45
|w 2026-02-21
|
| 952 |
|
|
|t č. 1-6
|a SNK
|b SNK
|y PREZ
|7 0
|p 17A1099588
|o snkČSC 3615/22/2012 D1
|i snk2016/10999
|8 0
|0 0
|1 0
|4 0
|d 2016-04-28
|l 0
|r 2026-02-21 22:16:45
|w 2026-02-21
|
| 952 |
|
|
|t č. 1-6
|a SNK
|b SNK
|y PREZ
|7 0
|p 17A1099589
|o snkČSC 3615/23/2013 D1
|i snk2016/11000
|8 0
|0 0
|1 0
|4 0
|d 2016-04-28
|l 0
|r 2026-02-21 22:16:45
|w 2026-02-21
|
| 952 |
|
|
|t č. 1-6
|a SNK
|b SNK
|y PREZ
|7 0
|p 17A1099597
|o snkČSC 3615/24/2014 D1
|i snk2016/11001
|8 0
|0 0
|1 0
|4 0
|d 2016-04-28
|l 0
|r 2026-02-21 22:16:45
|w 2026-02-21
|
| 952 |
|
|
|t č. 1-6
|a SNK
|b SNK
|y PREZ
|7 0
|p 17A1099596
|o snkČSC 3615/25/2015 D1
|i snk2016/11002
|8 0
|0 0
|1 0
|4 0
|d 2016-04-28
|l 0
|r 2026-02-21 22:16:45
|w 2026-02-21
|